00566 a2200145 4500020001800000050002000018100003900038245013000077264002900207300002200236500005300258504005300311650002000364650003600384 a978030432380700aLC 235 WOL 19921 aWolfendale, Sheila,d1939-eAuthor10aEmpowering parents and teachers:bworking for children /cSheila Wolfendale, with contributions by Alwyn Morgan ... [et al.]. aEngland:bCassell,c1992 ax, 166 p. :bill. aIncludes bibliographical references and indexes. aIncludes bibliographical references and indexes. 0aHome and school 0aEducationxParent participation